Central Library OPAC University of Rajshahi

Modern communication systems / (Record no. 13020)

MARC details
000 -LEADER
fixed length control field 00857cam a2200277 i 4500
001 - CONTROL NUMBER
control field 13020
003 - CONTROL NUMBER IDENTIFIER
rucl marc code BD-RjUL
005 - DATE AND TIME OF LATEST TRANSACTION
control field 20211208235407.0
008 - FIXED-LENGTH DATA ELEMENTS--GENERAL INFORMATION
fixed length control field 140130s1975 enka b 001 0 eng
020 ## - INTERNATIONAL STANDARD BOOK NUMBER
International Standard Book Number 0333150244 :
-- 0333185609
035 ## - SYSTEM CONTROL NUMBER
System control number (BD-RjUL)13070
040 ## - CATALOGING SOURCE
Original cataloging agency DLC
Transcribing agency DLC
Modifying agency DLC
-- BD-RjUL
Language of cataloging eng
041 ## - LANGUAGE CODE
Language code of text/sound track or separate title eng
082 00 - DEWEY DECIMAL CLASSIFICATION NUMBER
Classification number 621.38
Author mark and year COM 1975
100 1# - MAIN ENTRY--PERSONAL NAME
Personal name Coates, R. F. W.
Fuller form of name (Rodney F. W.)
9 (RLIN) 40574
245 10 - TITLE STATEMENT
Title Modern communication systems /
Statement of responsibility, etc. [by] R. F. W. Coates.
260 ## - PUBLICATION, DISTRIBUTION, ETC. (IMPRINT)
Place of publication, distribution, etc. London :
Name of publisher, distributor, etc. Macmillan,
Date of publication, distribution, etc. c1975.
300 ## - PHYSICAL DESCRIPTION
Pagination xi, 292 p. :
Illustrations ill. ;
Size 24 cm.
490 0# - SERIES STATEMENT
Series statement Electrical and electronic engineering
504 ## - BIBLIOGRAPHY, ETC. NOTE
Bibliography, etc Includes bibliography (p. [287]-289) and index.
650 #0 - SUBJECT ADDED ENTRY--TOPICAL TERM
Topical term or geographic name as entry element Telecommunication.
9 (RLIN) 40575
Topical term or geographic name as entry element Signal theory (Telecommunication)
9 (RLIN) 40576
942 ## - ADDED ENTRY ELEMENTS (KOHA)
Source of classification or shelving scheme Dewey Decimal Classification
Koha item type Books
Holdings
Lost status Source of classification or shelving scheme Damaged status Not for loan Collection code Permanent Location Current Location Shelving location Date acquired Source of acquisition Cost, normal purchase price Total Checkouts Full call number Date last seen Copy number Koha item type
  Dewey Decimal Classification     Non-fiction Central Library, University of Rajshahi Central Library, University of Rajshahi   30/10/1978 Heffer and Sons 5.95   621.38 COM 1975 30/01/2014 C-2 Books
  Dewey Decimal Classification   Not For Loan Non-fiction Central Library, University of Rajshahi Central Library, University of Rajshahi Reading Room 30/10/1978 Heffor 5.95   621.38 COM 1975 15/03/2017 C-1 Books
  Dewey Decimal Classification     Non-fiction Central Library, University of Rajshahi Central Library, University of Rajshahi   29/02/1980 Heffers 5.95   621.38 COM 1975 29/05/2017 C-3 Books